|
|
|
|
| LEADER |
02009nam a2200349 a 4500 |
| 001 |
14284756 |
| 008 |
120730s2005 bg b 101 0 eng d |
| 010 |
|
|
|a 2006345311
|
| 020 |
|
|
|a 9840517481
|
| 020 |
|
|
|a 9789840517480
|
| 040 |
|
|
|a DLC
|c DLC
|d DLC
|d BD-DhAAL
|
| 042 |
|
|
|a lcode
|
| 043 |
|
|
|a az-----
|
| 082 |
0 |
4 |
|2 21
|a 320.954
|
| 999 |
|
|
|c 12635
|d 12635
|
| 999 |
|
|
|c 12635
|
| 999 |
|
|
|c 12635
|
| 245 |
0 |
0 |
|a Small states and regional stability in South Asia /
|c edited by Mohammad Humayun Kabir.
|
| 260 |
|
|
|a Dhaka :
|b The University Press,
|c 2005.
|
| 300 |
|
|
|a xiv, 246 p. ;
|c 22 cm.
|
| 500 |
|
|
|a "Bangladesh Institute of International and Strategic Studies."
|
| 504 |
|
|
|a Includes bibliographical references and index.
|
| 505 |
2 |
|
|a Small states in global perspective : in search of a role model in regional stability / Shaheen Afroze -- Nuclearisation and regional security in South Asia : small states' perspective / Mainuddin Ahmed -- Globalisation and economic security : the perspectives of small states in South Asia / Mirza Azizul Islam -- The impact of the war on terrorism on 'small states' : the South Asian context with special reference to Bangladesh / Imtiaz Ahmed -- Common risks and common solutions for the smaller states of South Asia : a comparative perspective / Abul Kalam Azad -- Democracy and conflict management in South Asia / Ataur Rahman.
|
| 520 |
|
|
|a Contributed articles on political conditions in South Asia presented and discussed in many workshops and seminars.
|
| 541 |
1 |
|
|e 00025703
|
| 650 |
|
0 |
|a States, Small
|v Congresses.
|
| 651 |
|
0 |
|a South Asia
|x Politics and government
|v Congresses.
|
| 700 |
1 |
|
|a Kabir, Humayun.
|
| 710 |
2 |
|
|a Bangladesh Institute of International and Strategic Studies.
|
| 852 |
1 |
|
|a Ayesha Abed library
|c General Shelf
|
| 942 |
|
|
|2 ddc
|c BK
|
| 952 |
|
|
|0 0
|1 0
|2 ddc
|4 0
|6 320_954000000000000_SMA
|7 0
|9 20853
|a IGS
|b IGS
|c GEN
|d 2012-07-31
|e The University Press Limited
|g 475.00
|l 1
|m 2
|o 320.954 SMA
|p 3010025703
|r 2014-06-10
|s 2013-02-18
|t 1
|w 2012-07-31
|y BK
|